LEADER 03338nam 22004933 450 001 9910158952403321 005 20230801235413.0 010 $a9781786253804 010 $a1786253801 035 $a(CKB)3710000001011478 035 $a(MiAaPQ)EBC4807340 035 $a(Au-PeEL)EBL4807340 035 $a(CaPaEBR)ebr11348159 035 $a(OCoLC)974582845 035 $a(Perlego)3018191 035 $a(EXLCZ)993710000001011478 100 $a20210901d2012 uy 0 101 0 $aeng 135 $aurcnu|||||||| 181 $ctxt$2rdacontent 182 $cc$2rdamedia 183 $acr$2rdacarrier 200 10$aNaval Support To Grant's Campaign Of 1864-65 205 $a1st ed. 210 1$aSan Francisco :$cGolden Springs Publishing,$d2012. 210 4$dİ2012. 215 $a1 online resource (48 pages) 327 $aIntro -- Table Of Contents -- ABSTRACT -- INTRODUCTION -- THEATER OF WAR SETTING -- THE CAMPAIGN -- ANALYSIS -- Intellectual Component -- Psychological-Physical Component -- Cybernetic Component -- Harmonic Component -- CONCLUSIONS -- APPENDIX A -- APPENDIX B -- APPENDIX C -- BIBLIOGRAPHY. 330 8 $aBy 1863, the Civil War was basically a stalemate between the two belligerents. Though the Union forces had achieved some success in conducting joint expeditions that resulted in securing the Mississippi River and the majority of the Southern ports, the major land armies of the Union were generally ineffective. In March 1864, General Ulysses S. Grant was named General-in-Chief of the Union army; he designed a campaign for future operations that called for synchronized operations by the Union armies supported by the Union navy. This monograph examines the naval support to Grant's campaign to determine whether or not the provided support was by design or just coincidence.The monograph initially establishes the theater of war setting that Grant inherited when he assumed the billet of General-in-Chief. This is followed by a summary of the campaign from a naval perspective. The monograph concludes with an analysis of the naval support provided to the campaign using the four components of a successful campaign espoused in Lieutenant Colonel James Dubik's "A Guide to the Study of Operational Art and Campaign Design."Based on the analysis, it is evident that the naval support was provided by design. Grant demonstrated an extraordinary ability to visualize operations in the entire theater of war. He fully understood and appreciated the usefulness of the sea dimension and exploited its use. The Union navy's command of the seas and resourcefulness allowed Grant to maintain his freedom of action, to operate from secure bases of operation, and to destroy the South's capacity to wage war. 517 $aNaval Support To Grant's Campaign Of 1864-65 517 $aNaval Support To Grant?s Campaign Of 1864-65 606 $aOperational art (Military science) 606 $aMilitary operations, Naval 615 0$aOperational art (Military science) 615 0$aMilitary operations, Naval. 676 $a973.75 700 $aMurdock USMC$b Lt.-Col. Harry M$01373106 801 0$bMiAaPQ 801 1$bMiAaPQ 801 2$bMiAaPQ 906 $aBOOK 912 $a9910158952403321 996 $aNaval Support To Grant's Campaign Of 1864-65$93404034 997 $aUNINA LEADER 04095nam 22006615 450 001 9910508504103321 005 20251113203033.0 024 7 $a10.1007/978-981-16-5210-3 035 $a(CKB)5590000000630174 035 $aEBL6803040 035 $a(AU-PeEL)EBL6803040 035 $a(MiAaPQ)EBC6803040 035 $a(oapen)https://directory.doabooks.org/handle/20.500.12854/72834 035 $a(ODN)ODN0010067851 035 $a(oapen)doab72834 035 $a(DE-He213)978-981-16-5210-3 035 $a(EXLCZ)995590000000630174 100 $a20211110d2022 u| 0 101 0 $aeng 135 $aur|n|---||||| 181 $ctxt$2rdacontent 182 $cc$2rdamedia 183 $acr$2rdacarrier 200 10$aDeep Integration, Global Firms, and Technology Spillovers /$fby Naoto Jinji, Xingyuan Zhang, Shoji Haruna 205 $a1st ed. 2022. 210 1$aSingapore :$cSpringer Nature Singapore :$cImprint: Springer,$d2022. 215 $a1 online resource (xviii, 178 pages) $cillustrations (some color) 225 1 $aAdvances in Japanese Business and Economics,$x2197-8867 ;$v26 300 $aDescription based upon print version of record. 311 1 $a981-16-5209-0 311 1 $a981-16-5210-4 327 $aPreface -- About the Authors -- Chapter 1 Introduction and Overview -- Chapter 2 The Trend of Deep Regional Integration -- Chapter 3 Which Aspect of Firm Performance is Important for the Choice of Globalization Mode?.-Chapter 4 Does Tobin?s q Matter for a Firm?s Choice of Globalization Mode? -- Chapter 5 Trade Patterns and International Technology Spillovers: Theory and Evidence from Japanese and European Patent Citations -- Chapter 6 Vertical versus Horizontal Foreign Direct Investment and Technology Spillovers -- Chapter 7 Do Deep Regional Trade Agreements Enhance International Technology Spillovers? Depth, Breadth, and Heterogeneity -- Chapter 8 Conclusion and Policy Implications -- References. 330 $aThis open access book explores the impact of deep regional economic integration on spillovers of knowledge and technology across countries. Deep integration through signing deep regional trade agreements (DRTAs), which cover various policy areas in addition to tariff reductions, may or may not facilitate technology spillovers among their signatories. To understand the mechanism of the impact of deep integration on technology spillovers, this book starts by analyzing the behavior of global firms. Factors that affect global firms? activities, such as export, foreign direct investment (FDI), offshore outsourcing, are examined. Micro data on Japanese firms are employed for the analysis. Then, the relationships between bilateral trade patterns and technology spillovers and between types of FDI and technology spillovers are investigated in detail. Patent citation data are used to measure technology spillovers. Finally, the impact of DRTAs on international technology spillovers is analyzed. This book is highly recommended to readers who are interested in the effects of deep regional integration, including academic scholars, policymakers, and graduate students. 410 0$aAdvances in Japanese Business and Economics,$x2197-8867 ;$v26 606 $aInternational economic relations 606 $aEconomic history 606 $aEconomics 606 $aInternational Economics 606 $aEconomy-wide Country Studies 606 $aEconomics 615 0$aInternational economic relations. 615 0$aEconomic history. 615 0$aEconomics. 615 14$aInternational Economics. 615 24$aEconomy-wide Country Studies. 615 24$aEconomics. 676 $a337.52 686 $aBUS000000$aBUS069000$aBUS069020$2bisacsh 700 $aJinji$b Naoto$01235133 701 $aZhang$b Xueying$f1956-.$01259494 701 $aHaruna$b Sho?ji$f1950-.$01259495 801 0$bAU-PeEL 801 1$bAU-PeEL 801 2$bAU-PeEL 906 $aBOOK 912 $a9910508504103321 996 $aDeep integration, global firms, and technology spillovers$92918451 997 $aUNINA